000 00295nam a2200109Ia 4500
008 220214s9999 xx 000 0 und d
245 0 _aNew Straits Times
260 _bNew straits times
_aMalaysia
500 _aEnding Volume & Year: 1981,
500 _aStarting Volume & Year: 1976,
942 _cBJ
999 _c6438
_d6438